Izmerenije pogloščennoj dozy v nejtronnych poljach i v smešannych "gamma-izlučenije i nejtrony"

Enregistré dans:
Détails bibliographiques
Format: Livre
Langue:russe
Publié: Moskva : Atomizdat, 1964
Tags: Ajouter un tag
Pas de tags, Soyez le premier à ajouter un tag!

MARC

LEADER 00000nam a22000003a 4500
001 stu37275
005 20141122053058.0
008 920707s1964----xxr-----------------rus-d
040 |a STU  |b slo 
041 0 |a rus 
044 |a xxr 
245 |a Izmerenije pogloščennoj dozy v nejtronnych poljach i v smešannych "gamma-izlučenije i nejtrony" 
260 |a Moskva :  |b Atomizdat,  |c 1964 
300 |a 101 s 
996 |b 284M003689  |c M*4060-1  |l MMKN  |s A  |a 24  |w stu37275_0001